00524 2200169 4500245005300000020002200053250001100075100001600086650002500102005001900127260003300146041001400179084000800193500011900201490002500320336000900345 aEnsiklopedia Jakarta Volume 5cEni SetiatihText a978-979-3535-54-7 aCet. 1 aEni Setiati aEnsiklopedia Jakarta a20231124094303 aJakartabLENTERA ABADIc2009 aIndonesia a903 aDaftar Isi : Betawi di Zaman Dahulu ; Bahasa dan Sebutan Kekebaratan ; Tempat Pemukiman dan Pembangunan Bersejarah aEnsiklopedia Jakarta atext